Normal view
MARC view
Entry Personal Name
001 - CONTROL NUMBER
- control field: 13392
003 - CONTROL NUMBER IDENTIFIER
- control field: HDC
005 - DATE AND TIME OF LATEST TRANSACTION
- control field: 20230624073415.0
008 - FIXED-LENGTH DATA ELEMENTS
- fixed length control field: 210210|| aca||aabn | a|a d
040 ## - CATALOGING SOURCE
- Original cataloging agency: HDC
- Transcribing agency: HDC
100 ## - HEADING--PERSONAL NAME
- Personal name: Ibrahim Omar
670 ## - SOURCE DATA FOUND
- Source citation: Work cat.: (HDC): Ibrahim Omar, author, Enhancement of control by nutrient formulations of selected biocontrol agents against fusarium crown and root rot of tomato /, 2001
